[Event "Ruhrgebiet VL,VK 9900 Relegation2"]
[Site "Ruhrgebiet"]
[Date "2000.06.25"]
[Round "?"]
[White "Luecking, Joerg"]
[Black "Hellwig, Thomas"]
[Result "1-0"]
[WhiteElo "1727"]
[BlackElo "1731"]
[PlyCount "67"]
[EventDate "2000.??.??"]
[EventType "team-tourn"]
[EventRounds "3"]
[EventCountry "GER"]
[SourceTitle "EXT 2024"]
[Source "ChessBase"]
[SourceDate "2023.10.10"]
[SourceVersion "1"]
[SourceVersionDate "2023.10.10"]
[SourceQuality "1"]
[WhiteTeam "Ruettenscheid Rochade"]
[BlackTeam "Marten Boevinghausen"]
[WhiteTeamCountry "GER"]
[BlackTeamCountry "GER"]

1. e4 c5 2. c3 d5 3. exd5 Nf6 4. c4 e6 5. dxe6 Bxe6 6. Nf3 Nc6 7. a3 g6 8. Be2 Bg7 9. 0-0 0-0 10. Nc3 Rc8 11. d3 Qe7 12. Re1 Rcd8 13. Qc2 Bf5 14. Bg5 Qd7 15. Nd5 Nxd5 16. Bxd8 Rxd8 17. cxd5 Qxd5 18. Rad1 b5 19. h3 a5 20. g4 Be6 21. Rc1 Nd4 22. Nxd4 Bxd4 23. Bf1 Qd6 24. Bg2 h5 25. gxh5 Kg7 26. hxg6 Rh8 27. Qe2 Bxh3 28. gxf7 Qg6 29. Qf3 Bf5 30. Re8 Rh1+ 31. Kxh1 Qh6+ 32. Bh3 Qxc1+ 33. Kh2 Kxf7 34. Re4 1-0